000 01331nam0a2200349 4500
001 RU\NLR\bibl\230810
005 20260405072222.0
021 _aRU
_b2001-52530
_92542
035 _a(NLR Aleph) 000226769
090 _a1319178
_c1319178
100 _a20020204d2001 |||y0rusy50 ca
101 0 _arus
102 _aRU
105 _ay |||||||||
200 1 _aСтановление конституционализма в России
_e(Теорет. и ист. аспекты развития рос. государственности)
_fЮ. В. Пуздрач
210 _aМ.
_cМанускрипт
_d2001
215 _a479 с.
_d21
606 0 _aКонституционализм
_xИстория
_yРоссия
_92184920
_3RU\NLR\auth\661313671
606 0 _aГосударственное право России - История
606 0 _aРоссийская Федерация, право
675 _a342.4(470)
_v3
_zrus
686 _a10.15
_2rugasnti
686 _a67.400.1
_2rubbk
686 _aФ3(2)12
686 _aТ3(2)0-53
700 1 _4070
_8rus
_7ca
_aПуздрач
_bЮ. В.
_gЮрий Владимирович
_3RU\NLR\auth\7724883
_97933
801 0 _aRU
_bRKP
_c20020204
_gPSBO
801 1 _aRU
_bRKP
_c20020204
801 2 _aRU
_bNLR
_c20050421
_grcr
942 _cBOOK
980 _aNB